K. L. Chung [Zhong Fengyu] levele Kalmár Lászlóhoz

Elmentve itt :
Bibliográfiai részletek
Szerző: Zhong Fengyu
Dokumentumtípus: Kézirat
Kulcsszavak:Levelezés - Zhong Fengyu - Kalmár László
Online Access:http://misc.bibl.u-szeged.hu/47439
LEADER 00601ntm a2200169 i 4500
001 misc47439
005 20200923150634.0
008 200615suuuu hu o 0|| eng d
040 |a SZTE Miscellanea Repozitórium  |b hun 
041 |a eng 
041 |a chi 
100 1 |a Zhong Fengyu 
245 1 0 |a K. L. Chung [Zhong Fengyu] levele Kalmár Lászlóhoz  |h [elektronikus dokumentum] /  |c  Zhong Fengyu 
300 |a 1 fol.  |c 23 x 16 cm 
561 |a Kalmár László kínai hagyaték 
695 |a Levelezés - Zhong Fengyu - Kalmár László 
856 4 0 |u http://misc.bibl.u-szeged.hu/47439/1/kalmar_010.pdf  |z Dokumentum-elérés